000 00423nam a22001577a 4500
005 20260210133948.0
008 260210b |||||||| |||| 00| 0 eng d
020 _a9781032275956
050 _aTH435
_b.C37
100 _aCartlidge, Ducan
245 _aNew Aspects of Quantity Surveying practice
260 _aLondon
_bRoutledge Publishing
_c2023
300 _axix,226p.
_billus
650 _aQuantity Surveying
942 _cBK
999 _c4529
_d4529